| 000 | 00415nam a2200157Ia 4500 | ||
|---|---|---|---|
| 008 | 230711s9999||||xx |||||||||||||| ||und|| | ||
| 041 | _aENG | ||
| 082 |
_a425 _bSH-B |
||
| 100 | _aSharma,RC | ||
| 245 | 0 | _aBusiness corespondance report writing | |
| 250 | _a3rd Ed. | ||
| 260 |
_c2003 _aNew Delhi _bTata McGraw Hill Education Limited |
||
| 650 | _aUNIVESITY BUSNIESS SCHOOL | ||
| 700 | _aKrishna Mohan | ||
| 942 | _cBK | ||
| 999 |
_c4144 _d4144 |
||